<?xml version="1.0" encoding="UTF-8"?>
<marc:record xmlns:marc="http://www.loc.gov/MARC21/slim">
   <marc:leader>00000nam a2200000 a 4500</marc:leader>
   <marc:datafield ind1="1" ind2=" " tag="100">
      <marc:subfield code="a">Attadio, Nicola</marc:subfield>
      <marc:subfield code="4">aut</marc:subfield>
      <marc:subfield code="e">Verfasser/-in</marc:subfield>
   </marc:datafield>
   <marc:datafield ind1=" " ind2=" " tag="653">
      <marc:subfield code="a">Erfahrungen</marc:subfield>
   </marc:datafield>
   <marc:datafield ind1=" " ind2=" " tag="653">
      <marc:subfield code="a">Lebensgeschichte</marc:subfield>
   </marc:datafield>
   <marc:datafield ind1=" " ind2=" " tag="653">
      <marc:subfield code="a">Journalismus</marc:subfield>
   </marc:datafield>
   <marc:datafield ind1=" " ind2=" " tag="653">
      <marc:subfield code="a">Undercover</marc:subfield>
   </marc:datafield>
   <marc:datafield ind1=" " ind2=" " tag="653">
      <marc:subfield code="a">Krieg</marc:subfield>
   </marc:datafield>
   <marc:datafield ind1=" " ind2=" " tag="653">
      <marc:subfield code="a">Pionier</marc:subfield>
   </marc:datafield>
   <marc:datafield ind1=" " ind2=" " tag="653">
      <marc:subfield code="a">Wallraff</marc:subfield>
   </marc:datafield>
   <marc:datafield ind1=" " ind2=" " tag="653">
      <marc:subfield code="a">Softcover / Sachbücher/Politik</marc:subfield>
   </marc:datafield>
   <marc:datafield ind1=" " ind2=" " tag="653">
      <marc:subfield code="a">Gesellschaft</marc:subfield>
   </marc:datafield>
   <marc:datafield ind1=" " ind2=" " tag="653">
      <marc:subfield code="a">Wirtschaft/Biographien</marc:subfield>
   </marc:datafield>
   <marc:datafield ind1=" " ind2=" " tag="653">
      <marc:subfield code="a">Autobiographien</marc:subfield>
   </marc:datafield>
   <marc:datafield ind1="0" ind2="0" tag="245">
      <marc:subfield code="a">Nellie Bly</marc:subfield>
   </marc:datafield>
   <marc:datafield ind1="0" ind2="0" tag="245">
      <marc:subfield code="b">Die Biografie einer furchtlosen Frau und Undercover-Journalistin</marc:subfield>
   </marc:datafield>
   <marc:datafield ind1="0" ind2="0" tag="245">
      <marc:subfield code="c">Nicola Attadio</marc:subfield>
   </marc:datafield>
   <marc:datafield ind1=" " ind2="1" tag="264">
      <marc:subfield code="a">Zürich</marc:subfield>
      <marc:subfield code="b">Orell Füssli Verlag</marc:subfield>
      <marc:subfield code="c">2019</marc:subfield>
   </marc:datafield>
   <marc:datafield ind1="1" ind2=" " tag="520">
      <marc:subfield code="a">Angaben aus der Verlagsmeldung

Nellie Bly : Die Biografie einer furchtlosen Frau und Undercover-Journalistin Dove nasce il vento / von Nicola Attadio

Die unglaubliche Lebensgeschichte der ersten Undercover-Reporterin: Wie Nellie Bly den Journalismus neu erfand!

September 1887: Eine junge Frau klopft an die Tür von John Cockerill, Direktor von Pulitzers Zeitung »New York World«. Sie verlangt, als Reporterin eingestellt zu werden. Keine Frau hat sich bisher so weit vorgewagt. Ihr Name ist Elizabeth Cochran, sie ist 23-jährig, seit drei Jahren schreibt sie unter dem Pseudonym Nellie Bly für den »Pittsburgh Dispatch«.

Nellie Blys Idee, Undercover in die psychiatrische Anstalt Blackwell‘s Island zu gehen und aus erster Hand über die dortigen Zustände zu berichten, überzeugt Cockerill. Es entsteht eine Reportage, die in die Geschichte des Journalismus eingeht. Als Bly als erste Frau allein um die Welt reist und dabei mit 72 Tagen den Weltrekord von Jules Vernes Phileas Fogg unterbietet, ist sie auf dem Höhepunkt angelangt. Sie wird zu einer nationalen Ikone. Bly heiratet und wird Managerin eines Eisen- und Stahlkonzerns. Sie wird betrogen und fällt, steht wieder auf, tut, was sie am besten kann, geht nach Europa und berichtet als Reporterin von den Fronten des Ersten Weltkriegs.

Die Biografie über Nellie Bly, die furchtlose Frau und mutige Journalistin, die mit spitzer Feder die Zustände ihrer Zeit hinterfragt, ist auch heute noch von größter Aktualität.

</marc:subfield>
   </marc:datafield>
   <marc:datafield ind1=" " ind2=" " tag="020">
      <marc:subfield code="a">9783280057155</marc:subfield>
      <marc:subfield code="9">9783280057155</marc:subfield>
   </marc:datafield>
   <marc:datafield ind1=" " ind2=" " tag="020">
      <marc:subfield code="a">3280057159</marc:subfield>
      <marc:subfield code="9">3280057159</marc:subfield>
   </marc:datafield>
   <marc:datafield ind1=" " ind2=" " tag="300">
      <marc:subfield code="a">214 Seiten</marc:subfield>
   </marc:datafield>
</marc:record>
